[Event "Druga liga Srbije grupa Vojvodina 2013"]
[Site "Stari Banovci"]
[Date "2013.11.05"]
[Round "3.3"]
[White "Munizaba, Slobodan"]
[Black "Jesenski, Tibor"]
[Result "1/2-1/2"]
[WhiteElo "2335"]
[BlackElo "2328"]
[PlyCount "63"]
[EventDate "2013.11.04"]

1. d4 d5 2. Nf3 Nf6 3. g3 g6 4. Bg2 Bg7 5. O-O O-O 6. c4 dxc4 7. Na3 c3 8. bxc3
c5 9. Ne5 Nbd7 10. Nac4 Nxe5 11. dxe5 Nd7 12. f4 Rb8 13. a4 Qc7 14. Ne3 e6 15.
Ra2 b6 16. Rd2 f6 17. Qb3 fxe5 18. Qxe6+ Kh8 19. Nd5 Qd8 20. Ne7 Qe8 21. Bc6
Rf6 22. Bxd7 Rxe6 23. Bxe8 Bb7 24. Nxg6+ hxg6 25. Bd7 Rf6 26. c4 exf4 27. Bb2
Rf7 28. Bxg7+ Kxg7 29. Rxf4 Rxf4 30. gxf4 Rf8 31. Be6 Bc6 32. e3 1/2-1/2

[Event "Druga liga Srbije grupa Vojvodina 2013"]
[Site "Stari Banovci"]
[Date "2013.11.05"]
[Round "3.3"]
[White "Arbutina, Sinisa"]
[Black "Ratkovic, Miloje"]
[Result "0-1"]
[WhiteElo "2280"]
[BlackElo "2273"]
[PlyCount "92"]
[EventDate "2013.11.04"]

1. d4 Nf6 2. c4 e6 3. Nf3 Bb4+ 4. Bd2 Qe7 5. Qc2 Bxd2+ 6. Nbxd2 d6 7. e4 e5 8.
d5 O-O 9. h3 a5 10. g4 Na6 11. Bd3 c6 12. Nf1 cxd5 13. cxd5 Nxd5 14. exd5 e4
15. Bxe4 f5 16. gxf5 Bxf5 17. Ng3 Nc5 18. Nd2 Bxe4 19. Ndxe4 Nxe4 20. Qxe4
Qxe4+ 21. Nxe4 Rae8 22. O-O Rxe4 23. Rae1 Rd4 24. Rd1 Rff4 25. Rfe1 b5 26. Kg2
Rxd1 27. Rxd1 Kf7 28. Rd2 g5 29. b3 Rf5 30. Kg3 h5 31. f3 Kf6 32. Rd3 Ke5 33.
a3 Rf4 34. Re3+ Kxd5 35. Re8 a4 36. bxa4 Rxa4 37. Rg8 h4+ 38. Kf2 Rxa3 39.
Rxg5+ Kc4 40. Rg4+ Kc3 41. Rxh4 b4 42. Rh8 b3 43. Rc8+ Kd3 44. Rb8 Kc2 45. Rc8+
Kb1 46. h4 b2 0-1

[Event "Druga liga Srbije grupa Vojvodina 2013"]
[Site "Stari Banovci"]
[Date "2013.11.05"]
[Round "3.3"]
[White "Orlov, Konstantin"]
[Black "Marjanusic, Vladimir"]
[Result "1/2-1/2"]
[WhiteElo "2236"]
[BlackElo "2272"]
[PlyCount "60"]
[EventDate "2013.11.04"]

1. d4 d5 2. c4 c6 3. Nc3 Nf6 4. Nf3 e6 5. e3 Nbd7 6. b3 Bb4 7. Bd2 Qe7 8. Be2
O-O 9. O-O b6 10. Qc1 Bb7 11. Re1 Rac8 12. a3 Bd6 13. Qb2 c5 14. cxd5 exd5 15.
dxc5 bxc5 16. b4 Ne4 17. Nb5 Nxd2 18. Qxd2 Bb8 19. bxc5 Nxc5 20. Nbd4 Ne4 21.
Qb2 g6 22. Rab1 Ba8 23. Rec1 Bd6 24. Nb5 Bc5 25. Qe5 Bxa3 26. Qxe7 Bxe7 27.
Nxa7 Rxc1+ 28. Rxc1 Bf6 29. Nd4 Bxd4 30. exd4 Nd6 1/2-1/2

[Event "Druga liga Srbije grupa Vojvodina 2013"]
[Site "Stari Banovci"]
[Date "2013.11.05"]
[Round "3.3"]
[White "Vidic, Stevan"]
[Black "Milojevic, Dusan"]
[Result "1/2-1/2"]
[WhiteElo "2278"]
[BlackElo "2231"]
[PlyCount "73"]
[EventDate "2013.11.04"]

1. d4 Nf6 2. Nf3 g6 3. c4 Bg7 4. Nc3 O-O 5. e4 d6 6. Bg5 h6 7. Bf4 Bg4 8. Be2
Nfd7 9. O-O Nc6 10. Be3 Nb6 11. b3 e5 12. dxe5 dxe5 13. Qc1 Bxf3 14. Bxf3 Kh7
15. g3 Nd4 16. Bg2 Nd7 17. Qd2 Nf6 18. h3 Nh5 19. Rad1 Qd7 20. Kh2 Rad8 21. Qc1
c6 22. Qb1 Qe7 23. Qb2 Rfe8 24. Ne2 Rd7 25. Nxd4 exd4 26. Bc1 Qd8 27. f4 Bf8
28. Qf2 Ng7 29. Rd3 f5 30. e5 Ne6 31. Rfd1 Bc5 32. a3 a5 33. Qe1 Qb6 34. g4 Rg8
35. Qe2 Qd8 36. Rg3 Rdg7 37. Qd3 1/2-1/2